| 000 | 00780nam a2200253 cc4500 | ||
|---|---|---|---|
| 001 | 000030549 | ||
| 003 | RuMoIPM | ||
| 005 | 20260513121659.0 | ||
| 008 | 230210s1974 ru ||||||| |||| ||rus d | ||
| 035 | _a(RuMoBEN) 002099349 | ||
| 035 | _a(ELAR retro) [2022] 000107340 | ||
| 040 |
_aRuMoBEN _brus _ercr |
||
| 041 | 0 | _arus | |
| 044 | _aru | ||
| 080 | _a510(075.8) | ||
| 080 | _a51(07) | ||
| 080 | _a517(07) | ||
| 245 | 1 | 0 |
_aТ. 3, ч. 2 _cВ. И. Смирнов |
| 250 | _a9-е изд., стер. | ||
| 260 |
_aМосква _bНаука _c1974 |
||
| 300 |
_a672 с. _bчерт. |
||
| 773 |
_aСмирнов, Владимир Иванович _tКурс высшей математики: [Учебная литература для вузов] _w000018741 |
||
| 942 | _cBK | ||
| 999 |
_c30549 _d30549 |
||